Tretí pilier - DDS ako investícia do budúcnosti bakalárska práca

Guardado en:
Detalles Bibliográficos
Autor principal: Kuczmanová, Adela
Autor Corporativo: Fakulta hospodárskej informatiky EU. Katedra matematiky
Otros Autores: Gogola, Ján, 1977-
Formato: Libro
Lenguaje:eslovaco
Publicado: Bratislava 2011
Etiquetas: Agregar Etiqueta
Sin Etiquetas, Sea el primero en etiquetar este registro!

MARC

LEADER 00000nbm a2200000 4500
001 0156117
005 20161109111939.0
041 0 |a slo 
044 |a SK 
245 1 0 |a Tretí pilier - DDS ako investícia do budúcnosti  |b bakalárska práca  |c Adela Kuczmanová ; školiteľ: Ján Gogola 
264 1 |a Bratislava  |c 2011 
300 |a 48 s. 
100 1 |a Kuczmanová, Adela 
700 1 |a Gogola, Ján, 1977- 
710 2 |a Fakulta hospodárskej informatiky EU. Katedra matematiky